Historia de la conquista de México, población y progresos de la América Septentrional conocida por el nombre de Nueva España... (Record no. 3569)
[ view plain ]
| 000 -CABECERA | |
|---|---|
| campo de control de longitud fija | 00724nam a2200205 a 4500 |
| 001 - NÚMERO DE CONTROL | |
| campo de control | BRCA_3841 |
| 005 - FECHA Y HORA DE LA ÚLTIMA TRANSACCIÓN | |
| campo de control | 20190320204438.0 |
| 008 - DATOS DE LONGITUD FIJA--INFORMACIÓN GENERAL | |
| campo de control de longitud fija | 111209s1756----sp-a######---#000-0#spa-# |
| 041 ## - CÓDIGO DE LENGUA | |
| Código de lengua del texto/banda sonora o título independiente | spa |
| 044 ## - CÓDIGO DEL PAÍS DE LA ENTIDAD EDITORA/PRODUCTORA | |
| Código MARC del país | sp |
| 050 #4 - SIGNATURA TOPOGRÁFICA DE LA BIBLIOTECA DEL CONGRESO | |
| Número de clasificación | F1230 |
| -- | .S65 1756 |
| 100 1# - ENTRADA PRINCIPAL--NOMBRE DE PERSONA | |
| Nombre de persona | Solís y Rivadeneyra, Antonio de |
| Fechas asociadas al nombre | 1610-1686. |
| 9 (RLIN) | 10004 |
| 245 10 - MENCIÓN DE TÍTULO | |
| Título | Historia de la conquista de México, población y progresos de la América Septentrional conocida por el nombre de Nueva España... |
| Mención de responsabilidad, etc. | Antonio de Solís y Rivadeneyra. |
| 260 ## - PUBLICACIÓN, DISTRIBUCIÓN, ETC. | |
| Lugar de publicación, distribución, etc. | Barcelona, España |
| Nombre del editor, distribuidor, etc. | Imprenta de Lucas de Bezares y Urrutia |
| Fecha de publicación, distribución, etc. | 1756 |
| 300 ## - DESCRIPCIÓN FÍSICA | |
| Extensión | 548 p. |
| Otras características físicas | il. |
| Dimensiones | 20 cm. |
| 500 ## - NOTA GENERAL | |
| Nota general | B186 |
| 651 #4 - PUNTO DE ACCESO ADICIONAL DE MATERIA--NOMBRE GEOGRÁFICO | |
| Nombre geográfico | México |
| Subdivisión de forma | Historia |
| Subdivisión general | Conquista |
| Subdivisión cronológica | 1519-1540. |
| 9 (RLIN) | 10005 |
| 902 ## - CATALOGADOR | |
| Iniciales | GFM |
| 942 ## - ELEMENTOS DE PUNTO DE ACCESO ADICIONAL (KOHA) | |
| Fuente del sistema de clasificación o colocación | Library of Congress Classification |
| Tipo de ítem Koha | Libros |
| Estado de retiro | Estado de pérdida | Estado dañado | No para préstamo | Localización permanente | Ubicación/localización actual | Fecha de adquisición | Número de inventario | Total de préstamos | Signatura topográfica completa | Código de barras | Fecha visto por última vez | Precio válido a partir de | Tipo de ítem Koha |
|---|---|---|---|---|---|---|---|---|---|---|---|---|---|
| El ejemplar forma parte de la colección y puede ser consultado según las políticas vigentes. | Biblioteca del Museo Franz Mayer (Rogerio Casas-Alatriste) | Biblioteca del Museo Franz Mayer (Rogerio Casas-Alatriste) | 11/12/2009 | B186 | F1230 .S65 1756 (B186) | 3838 | 22/03/2019 | 22/03/2019 | Libros |